| 000 | 00782cam a2200241 a 4500 | ||
|---|---|---|---|
| 020 | _a9780821372135 | ||
| 020 | _a0821372130 | ||
| 020 | _a9780821372142 (electronic) | ||
| 020 | _a0821372149 (electronic) | ||
| 040 | _cDLC | ||
| 082 | 0 | 0 | _a338 WOR 2008 A072 Or. |
| 245 | 0 | 0 |
_aGrowing industrial clusters in Asia : _bserendipity and science / |
| 260 |
_aWashington, D.C. : _bWorld Bank, _cc2008. |
||
| 300 |
_axvii, 283 p. : _bill., map ; _c23 cm. |
||
| 490 | 1 | _aDirections in development. Private sector development | |
| 650 | 0 | _aIndustrial clusters | |
| 650 | 0 | _aHigh technology industries | |
| 700 | 1 | _aYusuf, Shahid, | |
| 700 | 1 | _aNabeshima, Kaoru. | |
| 700 | 1 | _aYamashita, ShÅichi, | |
| 856 | 4 | 1 | _uhttp://www.loc.gov/catdir/toc/ecip082/2007040493.html |
| 942 | _cEK | ||
| 999 |
_c14918 _d14918 |
||